| 000 | 01152nam a2200289 c 4500 | ||
|---|---|---|---|
| 003 | BLK | ||
| 005 | 20180422110848.0 | ||
| 008 | 180409b bul|||||r ||||||| ||bul|| | ||
| 010 | _aKNG00128397000 | ||
| 040 | _aBLK | ||
| 041 |
_aBUL _cBUL |
||
| 080 |
_aБългарска литература _b821.163.2 _x-1 _z821.163.2-1 |
||
| 100 | 1 |
_aАсенов, Максим _eпърви автор _gЙосифов, Максим Асенов _9376981 |
|
| 700 | 1 |
_aЙосифов, Максим Асенов _e* _9376976 |
|
| 139 |
_aАсенов, Максим _bА 92 |
||
| 245 | 1 | 0 |
_aПо големия път _bСтихове _cМаксим Асенов; * Максим Асенов Йосифов. |
| 257 | _aBGR | ||
| 260 |
_аСофия _bБълг. писател _c1963 |
||
| 300 |
_a69 с. _c18 см |
||
| 380 | _aX | ||
| 500 | _aПълното име на авт. е Максим Асенов Йосифов. - 1 600 тир. | ||
| 852 | _aЦб І 6471 | ||
| 856 | 4 |
_qpdf _u |
|
| 856 | 4 |
_qpdf _u |
|
| 942 |
_cKNG _n0 |
||
| 944 |
_aCR _c06.03.2012 _l06.03.2012 - от С1,Р / 06.03.2012 _kПенка_Димитрова |
||
| 944 |
_aED _c06.03.2012 _l06.03.2012 - от С1,Р / 06.03.2012 _k |
||
| 999 |
_c122751 _d122751 |
||